| 000 | 00637nam a2200217Ia 4500 | ||
|---|---|---|---|
| 003 | OSt | ||
| 005 | 20260610100651.0 | ||
| 008 | 210210b2003 xxu||||| |||| 00| 0 eng d | ||
| 020 | _a81 7286 307 1 | ||
| 040 | _cAL | ||
| 041 | _aKannada | ||
| 082 | _a302.2K SOMS | ||
| 100 |
_aSOMASHEKHARA RAV (H G). _dಸೋಮಶೇಖರ ರಾವ್ (ಹೆಚ್. ಜಿ.) _9265593 |
||
| 245 |
_aSamvahana kale _bಸಂವಹನ ಕಲೆ |
||
| 260 |
_aBengaluru. _bPrisam Buks Prai Ltd., _c2003 |
||
| 300 | _axiv,150 | ||
| 650 |
_aCommunication Mass Media _9265594 |
||
| 690 |
_aCommunication _9265595 |
||
| 906 | _a058541 | ||
| 942 |
_2ddc _cBK |
||
| 999 |
_c105504 _d105504 |
||